000 00817cad a22002055a 4500
001 L144552
008 080728s2008 xxkad f s 000 0 eng d
035 _a(Sirsi) u144552
041 0 _aeng
050 0 4 _a711.552 $2 18
110 2 _aBCSC Research
_95297
245 0 0 _aSustainability charter
_h[electronic resource]
260 _aLondon
_bBCSC
_c2008
520 _aThis charter outlines the basic aims and what needs to be done by retail property stakeholders to improve the sustainability of retail real estate. Covers four key issues: energy; waste; community; water.
590 _aKA
651 4 _aUnited Kingdom
_y
690 _aBUILT ENVIRONMENT-SUSTAINABLE CONSTRUCTION
856 4 0 _uwww.bcsc.org.uk/research/sustainability/charter.asp
_zView the report free of charge at www.bcsc.org.uk...
942 _n0
999 _c108541
_d108541